000 00506nam a22001817a 4500
005 20250421112945.0
010 _aENG-144668
020 _c150.00
035 _aEN-128200
037 _bDBAD
082 _a181.499
100 _aSharma, Nath Triloki
_980702
245 _aThe Hinduism Sarva Dharma Sambhaav
_cTriloki Nath Sharma
_b(All Religions are equal - can co-exist)/
260 _c2013
300 _a281p.
_c20cm(Pbk)
700 _977984
942 _2ddc
_cEN
_h181.499
_mSHA
_e1st
999 _c211021
_d211021